000 01095nam a2200253 i 4500
001 187559
003 ES-MaACL
005 20240616063032.0
008 171127s1996 sp a b |||| | spa d
080 _a016:82(082.1)(460)
100 1 _aSánchez Álvarez-Insúa, Alberto,
_d1942-2011
_9102453
245 1 0 _aBibliografía e historia de las colecciones literarias en España (1907-1957) /
_cAlberto Sánchez Álvarez-Insúa.
250 _aEd. no venal.
260 _aMadrid :
_bLibris,
_c1996.
300 _a165 p. :
_bil. col. ;
_c24 cm.
500 _aEdición no venal de 2000 ejemplares, ejemplar nnumerado con el nº 363.
504 _aBibliografía: p. [75]-77.
650 1 4 _aLiteratura-
_vPublicaciones seriadas-
_zEspaña-
_vBibliografías.
_9163955
650 4 _aLiteratura española-
_yS.XX-
_vBibliografías.
_9163956
710 2 _aAsociación de Libreros de Viejo.
_9144582
852 _aES-MaACL
_jA-14043
_9194645
_bR.151586
_cDEPO1
_dOlim: N-7043
_gDedicatoria autógrafa personal
942 _2udc
_cMONOGRAFIA
999 _c187559
_d187559